[Event "GER-chT U16"]
[Site "Uelzen"]
[Date "2007.12.29"]
[Round "6.1"]
[White "Grzonka, Raphael"]
[Black "Neukoetter, Max"]
[Result "0-1"]
[WhiteElo "1827"]
[BlackElo "1936"]
[PlyCount "98"]
[EventDate "2007.12.27"]
[EventType "team-swiss"]
[EventRounds "7"]
[EventCountry "GER"]
[SourceTitle "EXT 2022"]
[Source "ChessBase"]
[SourceDate "2021.10.06"]
[SourceVersion "1"]
[SourceVersionDate "2021.10.06"]
[SourceQuality "1"]
[WhiteTeam "Brackweda U16"]
[BlackTeam "Paderborn U16"]
[WhiteTeamCountry "GER"]
[BlackTeamCountry "GER"]

1. e4 c5 2. Nf3 Nc6 3. d4 cxd4 4. Nxd4 g6 5. c4 Bg7 6. Nc2 Nf6 7. Nc3 d6 8. Be2 Be6 9. 0-0 0-0 10. Bd2 Nd7 11. Rb1 Rc8 12. Nd5 Nc5 13. f3 f5 14. b4 Nd7 15. Nf4 Bf7 16. exf5 gxf5 17. Bd3 Nce5 18. Bxf5 Nxc4 19. Ne6 Bxe6 20. Bxe6+ Kh8 21. Bg5 Rc7 22. Re1 Nf6 23. Qe2 Nb6 24. Nd4 Nfd5 25. Nb5 Nc3 26. Nxc3 Bxc3 27. Red1 Be5 28. Qe4 Na4 29. Bd2 Nc3 30. Bxc3 Bxc3 31. Rd5 Bg7 32. Rh5 h6 33. Qh4 Rf6 34. Re1 Rc3 35. Rg5 Qb6+ 36. Kh1 Re3 37. Rxg7 Kxg7 38. Bb3 Rxe1+ 39. Qxe1 e5 40. Qg3+ Rg6 41. Qh4 Qc7 42. h3 Qc1+ 43. Kh2 Qf4+ 44. Qxf4 exf4 45. Bd5 b6 46. Kg1 Kf6 47. Kf2 Rg5 48. Bc4 d5 49. Bd3 Ke5 0-1

[Event "GER-chT U16"]
[Site "Uelzen"]
[Date "2007.12.27"]
[Round "1.1"]
[White "Grzonka, Raphael"]
[Black "Meyer, Jens"]
[Result "1-0"]
[WhiteElo "1827"]
[BlackElo "1545"]
[PlyCount "111"]
[EventDate "2007.12.27"]
[EventType "team-swiss"]
[EventRounds "7"]
[EventCountry "GER"]
[SourceTitle "EXT 2022"]
[Source "ChessBase"]
[SourceDate "2021.10.06"]
[SourceVersion "1"]
[SourceVersionDate "2021.10.06"]
[SourceQuality "1"]
[WhiteTeam "Brackweda U16"]
[BlackTeam "Heusweiler SC Reti U16"]
[WhiteTeamCountry "GER"]
[BlackTeamCountry "GER"]

1. e4 d6 2. d4 Nf6 3. Nc3 g6 4. f4 Bg7 5. Nf3 0-0 6. Bd3 Nbd7 7. 0-0 c5 8. d5 a6 9. a4 b6 10. Qe1 e6 11. dxe6 fxe6 12. Bc4 Re8 13. Qh4 Nf8 14. Rd1 Nh5 15. Qxd8 Rxd8 16. f5 gxf5 17. exf5 d5 18. fxe6 Bxe6 19. Nxd5 Bd4+ 20. Nxd4 cxd4 21. Nxb6 Bxc4 22. Nxc4 Rac8 23. b3 Ne6 24. Bb2 Nef4 25. g3 Ne2+ 26. Kf2 Nc3 27. Bxc3 Rf8+ 28. Kg2 dxc3 29. Rf1 Rfe8 30. Rf2 Rcd8 31. Raf1 Re7 32. Rf3 Rde8 33. R1f2 Re6 34. Rxc3 Rg6 35. Rcf3 Rge6 36. Nd2 Re2 37. Rxe2 Rxe2+ 38. Rf2 Re6 39. c4 Nf6 40. Kf3 Nd7 41. Re2 Rb6 42. Re3 Rh6 43. h4 Rf6+ 44. Ke2 Rb6 45. Ne4 Rc6 46. Kd2 Re6 47. Ng5 Rb6 48. Re8+ Nf8 49. Kc3 Rf6 50. Kd4 h6 51. Ne4 Rf3 52. b4 Ra3 53. a5 Rb3 54. Kc5 Rf3 55. b5 Rf5+ 56. Kb4 1-0

[Event "GER-chT U16"]
[Site "Uelzen"]
[Date "2007.12.27"]
[Round "2.1"]
[White "Seyb, Alexander"]
[Black "Grzonka, Raphael"]
[Result "1-0"]
[WhiteElo "2235"]
[BlackElo "1827"]
[PlyCount "41"]
[EventDate "2007.12.27"]
[EventType "team-swiss"]
[EventRounds "7"]
[EventCountry "GER"]
[SourceTitle "EXT 2022"]
[Source "ChessBase"]
[SourceDate "2021.10.06"]
[SourceVersion "1"]
[SourceVersionDate "2021.10.06"]
[SourceQuality "1"]
[WhiteTeam "Grossenseebach U16"]
[BlackTeam "Brackweda U16"]
[WhiteTeamCountry "GER"]
[BlackTeamCountry "GER"]

1. e4 c5 2. Nf3 d6 3. d4 cxd4 4. Nxd4 Nf6 5. Nc3 g6 6. Be3 Bg7 7. f3 Nc6 8. Qd2 0-0 9. Bc4 Bd7 10. 0-0-0 Rc8 11. Bb3 Ne5 12. Kb1 Nc4 13. Bxc4 Rxc4 14. g4 Qc7 15. h4 h5 16. Nd5 Nxd5 17. exd5 Rc8 18. gxh5 Rxc2 19. Nxc2 Bf5 20. Rh2 Be5 21. f4 1-0

[Event "Dortmund op-B"]
[Site "Dortmund"]
[Date "2007.06.30"]
[Round "8"]
[White "Grzonka, Raphael"]
[Black "Ropers, Klaus"]
[Result "1-0"]
[WhiteElo "1690"]
[BlackElo "1714"]
[PlyCount "71"]
[EventDate "2007.06.22"]
[EventType "swiss"]
[EventRounds "9"]
[EventCountry "GER"]
[SourceTitle "EXT 2008"]
[Source "ChessBase"]
[SourceDate "2007.11.25"]
[SourceVersion "1"]
[SourceVersionDate "2007.11.25"]
[SourceQuality "1"]

1. e4 c5 2. Nf3 Nc6 3. d4 cxd4 4. Nxd4 Nf6 5. Nc3 e5 6. Ndb5 d6 7. Bg5 a6 8. Na3 b5 9. Nd5 Qa5+ 10. Bd2 Qd8 11. Nxf6+ Qxf6 12. Bd3 Qg6 13. 0-0 Nd4 14. Kh1 Be7 15. c3 Ne6 16. Qe2 0-0 17. Nc2 Bg5 18. Bxg5 Qxg5 19. Qe3 Nf4 20. g3 Nh3 21. f4 Qh6 22. f5 Qxe3 23. Nxe3 f6 24. Kg2 Ng5 25. h4 Nf7 26. a4 Bb7 27. axb5 axb5 28. b4 Rfb8 29. Kf3 Kf8 30. Bxb5 Bxe4+ 31. Kxe4 Rxa1 32. Rxa1 Rxb5 33. Ra8+ Ke7 34. Nd5+ Kd7 35. Ra7+ Kc6 36. Rc7# 1-0

[Event "Dortmund op-B"]
[Site "Dortmund"]
[Date "2007.06.24"]
[Round "3"]
[White "Kartsev, Alexandr"]
[Black "Grzonka, Raphael"]
[Result "1/2-1/2"]
[WhiteElo "1802"]
[BlackElo "1690"]
[PlyCount "139"]
[EventDate "2007.06.22"]
[EventType "swiss"]
[EventRounds "9"]
[EventCountry "GER"]
[SourceTitle "EXT 2008"]
[Source "ChessBase"]
[SourceDate "2007.11.25"]
[SourceVersion "1"]
[SourceVersionDate "2007.11.25"]
[SourceQuality "1"]

1. e4 c5 2. Nf3 d6 3. d4 cxd4 4. Nxd4 Nf6 5. Nc3 g6 6. Be3 Bg7 7. f3 Nc6 8. Qd2 0-0 9. 0-0-0 Nxd4 10. Bxd4 Be6 11. Kb1 a6 12. h4 Qc7 13. h5 b5 14. Nd5 Bxd5 15. exd5 Rac8 16. hxg6 fxg6 17. g3 Nxd5 18. Bh3 Nf6 19. Be6+ Kh8 20. Bxc8 Rxc8 21. f4 e5 22. Bg1 Ne4 23. Qd3 Nxg3 24. Rh3 e4 25. Qd2 Nf5 26. c3 Qc4 27. Qh2 h6 28. Qg2 Qe6 29. Re1 d5 30. Rd3 Qd6 31. Rxe4 Qc6 32. Re1 Rd8 33. Red1 Ne7 34. Bd4 Bxd4 35. Rxd4 Qf6 36. a4 Qf5+ 37. Ka2 Ra8 38. Re1 Ra7 39. Qe2 h5 40. Qe5+ Qxe5 41. Rxe5 Kh7 42. Rd1 bxa4 43. Rde1 Nf5 44. Rxd5 h4 45. Re4 Kh6 46. Re2 Kh5 47. Rg2 h3 48. Rg5+ Kh4 49. Rxg6 h2 50. Rd1 Rh7 51. Rh1 Kh3 52. Rxh2+ Kxh2 53. Rxa6 Kg3 54. Rxa4 Rb7 55. Rc4 Ne3 56. Rd4 Kg4 57. b4 Ng2 58. Kb3 Nxf4 59. c4 Kf5 60. b5 Ke5 61. Rd1 Ne6 62. Kb4 Nd4 63. Re1+ Kd6 64. Rd1 Ke5 65. Re1+ Kd6 66. c5+ Kc7 67. Rd1 Rxb5+ 68. Kc3 Rxc5+ 69. Kxd4 Ra5 70. Ke3 1/2-1/2

[Event "Bielefeld Gr4"]
[Site "Bielefeld"]
[Date "2007.05.26"]
[Round "3"]
[White "Grzonka, Raphael"]
[Black "Lennartz, Christina"]
[Result "1-0"]
[WhiteElo "1796"]
[BlackElo "1796"]
[PlyCount "81"]
[EventDate "2007.05.25"]
[EventType "tourn"]
[EventRounds "7"]
[EventCountry "GER"]
[SourceTitle "EXT 2008"]
[Source "ChessBase"]
[SourceDate "2007.11.25"]
[SourceVersion "1"]
[SourceVersionDate "2007.11.25"]
[SourceQuality "1"]

1. e4 c5 2. Nf3 e6 3. d4 cxd4 4. Nxd4 a6 5. Nc3 Bc5 6. Nb3 Bb4 7. Qd4 Bf8 8. Be3 Nc6 9. Qd2 b5 10. 0-0-0 Nf6 11. f3 Be7 12. g4 h6 13. h4 d6 14. Be2 Nd7 15. g5 h5 16. f4 g6 17. Bd3 Nb6 18. f5 Ne5 19. fxg6 Nxg6 20. Rdf1 Bb7 21. Qf2 Rf8 22. Bxb6 Qc8 23. Na5 Ne5 24. Be2 b4 25. Na4 Bxe4 26. c4 bxc3 27. Nxc3 Rb8 28. Rh3 d5 29. Bd4 Ng4 30. Bxg4 hxg4 31. Re3 Bf5 32. Nb3 Rb4 33. Rd1 Rc4 34. Rd2 Qb8 35. Kd1 Bg6 36. Qg3 Qb4 37. Qxg4 Qd6 38. Na5 Rb4 39. a3 Rxd4 40. Qxd4 Qc7 41. Qa4+ 1-0

[Event "Bielefeld Gr7"]
[Site "Bielefeld"]
[Date "2006.06.04"]
[Round "5"]
[White "Kopp, Daniel"]
[Black "Grzonka, Raphael"]
[Result "0-1"]
[WhiteElo "1508"]
[BlackElo "1465"]
[PlyCount "86"]
[EventDate "2006.06.02"]
[EventType "tourn"]
[EventRounds "7"]
[EventCountry "GER"]
[SourceTitle "EXT 2007"]
[Source "ChessBase"]
[SourceDate "2006.11.23"]
[SourceVersion "1"]
[SourceVersionDate "2006.11.23"]
[SourceQuality "1"]

1. d4 d5 2. c4 e6 3. Nc3 Nf6 4. Nf3 Nbd7 5. e3 Be7 6. Bd3 0-0 7. 0-0 b6 8. cxd5 exd5 9. Qc2 c5 10. Re1 Bb7 11. Bf1 Rc8 12. g3 Re8 13. Bh3 h6 14. b3 Bd6 15. Nd2 cxd4 16. Qf5 dxc3 17. Nf3 Qe7 18. Qd3 Qe4 19. Qxe4 dxe4 20. Nh4 Be5 21. Ba3 c2 22. Rac1 Bc3 23. Re2 b5 24. Rexc2 b4 25. Nf5 bxa3 26. Rxc3 Rxc3 27. Rxc3 Nd5 28. Rc4 N7b6 29. Nd6 Nxc4 30. bxc4 Re7 31. cxd5 Bxd5 32. Nb5 Bxa2 33. Nxa3 a6 34. Nc2 a5 35. Kf1 a4 36. Ke1 Rc7 37. Kd2 Kf8 38. Bf5 Bd5 39. Kc1 g6 40. Bg4 Bb3 41. Bd1 a3 42. Kd2 Bxc2 43. Bxc2 a2 0-1

[Event "Bielefeld Gr7"]
[Site "Bielefeld"]
[Date "2006.06.03"]
[Round "2"]
[White "Grzonka, Raphael"]
[Black "Stockhuss, Kevin"]
[Result "0-1"]
[WhiteElo "1465"]
[BlackElo "1411"]
[PlyCount "54"]
[EventDate "2006.06.02"]
[EventType "tourn"]
[EventRounds "7"]
[EventCountry "GER"]
[SourceTitle "EXT 2007"]
[Source "ChessBase"]
[SourceDate "2006.11.23"]
[SourceVersion "1"]
[SourceVersionDate "2006.11.23"]
[SourceQuality "1"]

1. e4 e6 2. d4 d5 3. exd5 exd5 4. Nf3 Nf6 5. Bd3 Bd6 6. 0-0 0-0 7. Bg5 Bg4 8. Nbd2 Nbd7 9. h3 Bxf3 10. Nxf3 c6 11. Re1 Qc7 12. c3 h6 13. Bxf6 Nxf6 14. Qc2 c5 15. dxc5 Bxc5 16. Re2 Rae8 17. Rae1 Rxe2 18. Rxe2 Nh5 19. Re5 Nf4 20. Bb5 a6 21. Ba4 Bd6 22. Re1 Rc8 23. Nd4 Bc5 24. Qd2 Qd6 25. Nf5 Nxh3+ 26. gxh3 Qg6+ 27. Ng3 Qxg3+ 0-1

[Event "Bielefeld Gr7"]
[Site "Bielefeld"]
[Date "2006.06.02"]
[Round "1"]
[White "Spisla, Dominik"]
[Black "Grzonka, Raphael"]
[Result "1/2-1/2"]
[WhiteElo "1492"]
[BlackElo "1465"]
[PlyCount "71"]
[EventDate "2006.06.02"]
[EventType "tourn"]
[EventRounds "7"]
[EventCountry "GER"]
[SourceTitle "EXT 2007"]
[Source "ChessBase"]
[SourceDate "2006.11.23"]
[SourceVersion "1"]
[SourceVersionDate "2006.11.23"]
[SourceQuality "1"]

1. d4 d5 2. c4 e6 3. Nc3 Nf6 4. Bg5 Be7 5. e3 0-0 6. Nf3 b6 7. cxd5 exd5 8. Bd3 h6 9. Bh4 Nbd7 10. 0-0 Bb7 11. Rc1 c5 12. Re1 Rc8 13. Qe2 Re8 14. a3 cxd4 15. Nxd4 Bc5 16. Qd1 Ne5 17. Nb3 Nxd3 18. Qxd3 Re6 19. Na4 Qd6 20. Nbxc5 bxc5 21. b3 Ba6 22. Qd2 Ne4 23. Qa5 g5 24. Bg3 Nxg3 25. hxg3 c4 26. bxc4 Rxc4 27. Nb2 Rxc1 28. Rxc1 Qb6 29. Qxb6 Rxb6 30. Na4 Rb7 31. Nc5 Rc7 32. Nd3 Rxc1+ 33. Nxc1 Bc4 34. f3 f5 35. Kf2 Kf7 36. Ne2 1/2-1/2

[Event "Dortmund op-B"]
[Site "Dortmund"]
[Date "2005.07.17"]
[Round "9"]
[White "Grzonka, Raphael"]
[Black "Pittag, Andreas"]
[Result "0-1"]
[WhiteElo "1380"]
[BlackElo "1707"]
[PlyCount "57"]
[EventDate "2005.07.08"]
[EventType "swiss"]
[EventRounds "9"]
[EventCountry "GER"]
[SourceTitle "CBM 107 Extra"]
[Source "ChessBase"]
[SourceDate "2005.09.01"]
[SourceVersion "1"]
[SourceVersionDate "2005.09.01"]
[SourceQuality "1"]

1. e4 d5 2. exd5 Qxd5 3. Nc3 Qd6 4. Nf3 Nf6 5. Bc4 Bf5 6. 0-0 c6 7. d3 h6 8. Re1 Nbd7 9. h3 e6 10. Be3 Be7 11. Qd2 g5 12. Nd4 Bg6 13. Rad1 0-0-0 14. Nf3 a6 15. a3 b5 16. Ba2 c5 17. Re2 Kb7 18. d4 c4 19. a4 b4 20. Nb1 Rc8 21. Ne5 Nxe5 22. dxe5 Qxd2 23. Rexd2 Nd5 24. Rd4 Bxc2 25. Bxc4 Rxc4 26. Rxc4 Bxd1 27. Bc5 Bxc5 28. Rxc5 Bxa4 29. Nd2 0-1